| 000 | 00542nam a2200133Ia 4500 | ||
|---|---|---|---|
| 008 | 171212s9999 xx 000 0 und d | ||
| 020 | _a9780833034373 | ||
| 100 | _aOchmanek, David | ||
| 245 |
_cOchmanek, David _aMilitary Operations Against Terrorist Groups Abroad _bImplications for the United States Air Force |
||
| 260 |
_bRAND Corporation _c2003 |
||
| 650 | _aPolitical Science | ||
| 650 | _aUnited States. Air Force -- Foreign service; Terrorism -- Prevention; War on Terrorism, 2001– | ||
| 856 | _uwww.jstor.org/stable/10.7249/mr1738af | ||
| 999 |
_c352328 _d352328 |
||